00830 2200313 4500001002100000005001500021035002000036007000300056040001600059100004400075245002000119250001800139300003000157041000800187082001100195084001700206090002300223264003600246336002100282337003000303338002300333650001300356850001000369008004100379504003000420020002200450990002200472990002200494INLIS00000000000466320260524081536 a0010-0122000295ta aSPBUPDbind0 aRetno Wulandari SetyaningsihePengarang1 aCerita Motivasi aEd. 1, Cet. 1 axii, 344 hal. ;c13x20 cm0 aind a155.25 a155.25 RET k a156.315 MUN s 1 19 aYogyakarta :bMitra Buku,c2015 2rdacontentaTeks 2rdamediaaTanpa Perantara 2rdacarrieravolume 4aMotivasi aPUPAD260524 0  aBibliografi, hlm. 341-342 a978-602-17076-8-5 a23.320/H/DPK/2017 a23.321/H/DPK/2017